Joint Committee on the Scheduled Castes and Scheduled Tribes Orders (Amendment) Bill, 1967 (Record no. 489168)

000 -LEADER
fixed length control field 00548cam a22001337a 4500
008 - FIXED-LENGTH DATA ELEMENTS--GENERAL INFORMATION
fixed length control field 180718b1969 xxu||||| |||| 00| 0 eng d
082 ## - DEWEY DECIMAL CLASSIFICATION NUMBER
Classification number BA2703x54 In2b/1967
100 ## - MAIN ENTRY--PERSONAL NAME
Personal name India. Joint Committee on the Scheduled Castes and Scheduled Tribes Orders (Amendment) Bill
245 ## - TITLE STATEMENT
Title Joint Committee on the Scheduled Castes and Scheduled Tribes Orders (Amendment) Bill, 1967
Statement of responsibility, etc. by Lok Sabha Secretariat
260 ## - PUBLICATION, DISTRIBUTION, ETC.
Place of publication, distribution, etc. New Delhi
Name of publisher, distributor, etc. Lok Sabha Secretariat
Date of publication, distribution, etc. 1969
300 ## - PHYSICAL DESCRIPTION
Extent 159+p.
500 ## - GENERAL NOTE
General note Chairman: Anil K. Chanda
700 ## - ADDED ENTRY--PERSONAL NAME
Personal name Chanda, Anil K. (Chairman)
Holdings
Withdrawn status Lost status Damaged status Not for loan Permanent Location Current Location Date acquired Full call number Barcode Date last seen Price effective from Koha item type
        Indian Institute of Public Administration Indian Institute of Public Administration 2018-08-04 BA2703x54 In2b/1967 GG10751 2018-08-04 2018-08-04 GG

Powered by Koha